[Event "Port of Spain Knights op 45th"]
[Site "Port of Spain"]
[Date "2018.04.05"]
[Round "1"]
[White "Maynard, David"]
[Black "Wiltshire, Esan"]
[Result "0-1"]
[WhiteElo "1617"]
[BlackElo "2073"]
[PlyCount "66"]
[EventDate "2018.04.05"]
[EventType "swiss"]
[EventRounds "7"]
[EventCountry "TRI"]
[SourceTitle "CBM 184 Extra"]
[Source "ChessBase"]
[SourceDate "2018.06.28"]
[SourceVersion "1"]
[SourceVersionDate "2018.06.28"]
[SourceQuality "1"]

1. e4 c5 2. Nc3 Nc6 3. f4 g6 4. Nf3 Bg7 5. Bc4 d6 6. 0-0 e6 7. d3 Nge7 8. Qe1 0-0 9. Qh4 Nd4 10. f5 gxf5 11. Bh6 fxe4 12. dxe4 Ng6 13. Qh5 Nxf3+ 14. Rxf3 Bxh6 15. Qxh6 f6 16. Rh3 Rf7 17. Rf1 Qe7 18. Rg3 Bd7 19. h4 Rg7 20. Bd3 Rf8 21. Ne2 Ne5 22. Qf4 c4 23. Bxc4 Nxc4 24. Rxg7+ Qxg7 25. Rf3 Kh8 26. Rg3 Qf7 27. b3 Ne5 28. Qh6 Rg8 29. Rxg8+ Kxg8 30. Nf4 Qg7 31. Qh5 Qg4 32. Qh6 Qd1+ 33. Kh2 Ng4+ 0-1

[Event "TTO-ch"]
[Site "Port of Spain"]
[Date "2016.10.23"]
[Round "6"]
[White "Nedd, Sean"]
[Black "Wiltshire, Esan"]
[Result "0-1"]
[WhiteElo "1829"]
[BlackElo "2106"]
[PlyCount "64"]
[EventDate "2016.10.15"]
[EventType "tourn"]
[EventRounds "11"]
[EventCountry "TRI"]
[SourceTitle "CBM 175 Extra"]
[Source "ChessBase"]
[SourceDate "2016.12.12"]
[SourceVersion "1"]
[SourceVersionDate "2016.12.12"]
[SourceQuality "1"]

1. e4 c5 2. Nf3 d6 3. d4 cxd4 4. Nxd4 Nf6 5. Nc3 a6 6. Bc4 e6 7. Bg5 Nbd7 8. 0-0 Qa5 9. Be3 b5 10. Bd3 Bb7 11. a3 Rc8 12. f3 Ne5 13. Re1 Be7 14. Qd2 Nc4 15. Bxc4 bxc4 16. Kh1 Qc7 17. Rad1 0-0 18. Qe2 Kh8 19. Rd2 Rg8 20. Bg5 h6 21. Bh4 Nxe4 22. Bxe7 Nxc3 23. Bxd6 Nxe2 24. Bxc7 Nxd4 25. Rxd4 Rxc7 26. Red1 Bd5 27. h3 Rb8 28. Rxd5 exd5 29. Rxd5 Rxb2 30. Rd8+ Kh7 31. Ra8 Rxc2 32. Rxa6 Ra2 0-1

[Event "Port of Spain op"]
[Site "Port of Spain"]
[Date "2016.07.31"]
[Round "4"]
[White "Knight, Colin"]
[Black "Wiltshire, Esan"]
[Result "0-1"]
[WhiteElo "1878"]
[BlackElo "2089"]
[PlyCount "86"]
[EventDate "2016.07.29"]
[EventType "swiss"]
[EventRounds "9"]
[EventCountry "TRI"]
[SourceTitle "EXT 2017"]
[Source "ChessBase"]
[SourceDate "2016.10.25"]
[SourceVersion "1"]
[SourceVersionDate "2016.10.25"]
[SourceQuality "1"]

1. d4 Nf6 2. Bg5 c5 3. d5 Qb6 4. Nc3 Qxb2 5. Bd2 Qb6 6. e4 d6 7. f4 Qc7 8. Nf3 Bg4 9. Be2 Nbd7 10. 0-0 a6 11. a4 g6 12. Qe1 Bg7 13. Rb1 0-0 14. Qh4 e6 15. dxe6 fxe6 16. Rbe1 Rae8 17. h3 Bxf3 18. Rxf3 Qc6 19. Bd1 b5 20. axb5 axb5 21. e5 dxe5 22. fxe5 Nd5 23. Bh6 Rxf3 24. Bxf3 Nxe5 25. Be4 b4 26. Bxg7 Kxg7 27. Nd1 Qd6 28. Qg3 Nf6 29. Bd3 Qd4+ 30. Kh1 Nxd3 31. cxd3 e5 32. Ne3 Qxd3 33. Rf1 Qd8 34. Nf5+ Kh8 35. Nh6 Qe7 36. Qf3 Kg7 37. Qe3 Nd5 38. Qd2 Nf4 39. Ng4 Qd8 40. Qb2 Qd4 41. Qa2 Re7 42. Kh2 h5 43. Nf2 Qd5 0-1

[Event "Port of Spain op"]
[Site "Port of Spain"]
[Date "2016.07.30"]
[Round "2"]
[White "Bowles, Andrew"]
[Black "Wiltshire, Esan"]
[Result "0-1"]
[WhiteElo "1812"]
[BlackElo "2089"]
[PlyCount "72"]
[EventDate "2016.07.29"]
[EventType "swiss"]
[EventRounds "9"]
[EventCountry "TRI"]
[SourceTitle "EXT 2017"]
[Source "ChessBase"]
[SourceDate "2016.10.25"]
[SourceVersion "1"]
[SourceVersionDate "2016.10.25"]
[SourceQuality "1"]

1. e4 c5 2. Nf3 d6 3. d4 cxd4 4. Nxd4 Nf6 5. Nc3 a6 6. Be2 e6 7. a4 Qc7 8. f4 Be7 9. 0-0 Nc6 10. Kh1 0-0 11. Nb3 b6 12. Bf3 Bb7 13. Qe2 Rab8 14. Be3 Rfe8 15. Rad1 Bf8 16. Qf2 Nd7 17. Rfe1 Nc5 18. Nd4 Nb4 19. Bc1 d5 20. e5 Rbd8 21. Qe2 Rd7 22. g4 Red8 23. Bg2 Ne4 24. Nxe4 dxe4 25. Be3 Bc5 26. c3 Nd3 27. Rxd3 exd3 28. Qxd3 Bxd4 29. Bxd4 Bxg2+ 30. Kxg2 Qc6+ 31. Kg3 Qxa4 32. Qe3 Rxd4 33. cxd4 Qxd4 34. Qxd4 Rxd4 35. Re3 Rb4 36. b3 g6 0-1

[Event "Port of Spain op"]
[Site "Port of Spain"]
[Date "2014.05.15"]
[Round "3"]
[White "Duncan, Leonard"]
[Black "Wiltshire, Esan"]
[Result "1-0"]
[WhiteElo "1885"]
[BlackElo "2033"]
[PlyCount "80"]
[EventDate "2014.05.01"]
[EventType "swiss"]
[EventRounds "7"]
[EventCountry "TRI"]
[SourceTitle "EXT 2015"]
[Source "ChessBase"]
[SourceDate "2014.11.20"]
[SourceVersion "1"]
[SourceVersionDate "2014.11.20"]
[SourceQuality "1"]

1. e4 c5 2. g3 Nc6 3. Bg2 g6 4. Ne2 Bg7 5. c3 e5 6. Na3 d6 7. 0-0 Nge7 8. h3 Be6 9. Nc2 Qd7 10. Kh2 f5 11. d3 0-0 12. Bg5 Rae8 13. Qd2 d5 14. f3 d4 15. c4 Kh8 16. g4 Nc8 17. exf5 gxf5 18. gxf5 Bxf5 19. Ng3 Qd6 20. Ne4 Bxe4 21. fxe4 h6 22. Bh4 N8e7 23. Bf3 Ng6 24. Bg3 Nf4 25. Ne1 Ne7 26. Bxf4 exf4 27. Ng2 Ng6 28. Rf2 Qf6 29. Bh5 Qg5 30. Bxg6 Qxg6 31. Rf3 Be5 32. Raf1 Qg5 33. Kh1 Rf6 34. Qf2 Ref8 35. Nh4 Rg8 36. Rg1 Qxg1+ 37. Qxg1 Rxg1+ 38. Kxg1 Kg7 39. Rf2 Ra6 40. Rg2+ Kf7 1-0

[Event "TRI-ch"]
[Site "Port of Spain"]
[Date "2013.09.21"]
[Round "7"]
[White "Cupid, Kevin"]
[Black "Wiltshire, Esan"]
[Result "1/2-1/2"]
[WhiteElo "2062"]
[BlackElo "2056"]
[PlyCount "110"]
[EventDate "2013.09.07"]
[EventType "tourn"]
[EventRounds "11"]
[EventCountry "TRI"]
[SourceTitle "CBM 156 Extra"]
[Source "ChessBase"]
[SourceDate "2013.10.22"]
[SourceVersion "1"]
[SourceVersionDate "2013.10.22"]
[SourceQuality "1"]

1. d4 Nf6 2. c4 g6 3. Nc3 Bg7 4. Nf3 0-0 5. Bg5 h6 6. Bh4 d6 7. h3 Nbd7 8. e3 e5 9. Qc2 g5 10. Bg3 Nh5 11. Bh2 f5 12. 0-0-0 g4 13. Ne1 g3 14. Be2 exd4 15. Bxh5 dxc3 16. Bxg3 cxb2+ 17. Kb1 Nc5 18. Bf3 Bd7 19. Rd5 Na4 20. Rd3 Qf6 21. Rd4 Qe7 22. Nd3 Rab8 23. Bd5+ Kh7 24. Bh4 Qe8 25. Nf4 c5 26. Rd3 Qe5 27. Ne2 b5 28. Bg3 Qf6 29. Bxd6 bxc4 30. Bxc4 Nb6 31. Bxf8 Ba4 32. Bb3 Bxb3 33. Rxb3 Qxf8 34. Nf4 c4 35. Rb5 Qa3 36. Qxf5+ Kg8 37. Qe6+ Kh8 38. Ng6+ Kh7 39. Qf5 Qd3+ 40. Qxd3 cxd3 41. Rxb6 Rxb6 42. Nf4 d2 43. Rd1 Rc6 44. Nd3 Rc1+ 45. Nxc1 dxc1Q+ 46. Rxc1 bxc1Q+ 47. Kxc1 Kg6 48. Kc2 Kf5 49. Kd3 Ke5 50. f4+ Kf5 51. g4+ Ke6 52. Kc4 Bb2 53. a4 Bc1 54. Kd4 Bb2+ 55. Ke4 Bf6 1/2-1/2

[Event "TRI-ch"]
[Site "Port of Spain"]
[Date "2013.09.21"]
[Round "8"]
[White "Wiltshire, Esan"]
[Black "Harper, Ryan"]
[Result "0-1"]
[WhiteElo "2056"]
[BlackElo "2264"]
[PlyCount "88"]
[EventDate "2013.09.07"]
[EventType "tourn"]
[EventRounds "11"]
[EventCountry "TRI"]
[SourceTitle "CBM 156 Extra"]
[Source "ChessBase"]
[SourceDate "2013.10.22"]
[SourceVersion "1"]
[SourceVersionDate "2013.10.22"]
[SourceQuality "1"]

1. e4 e5 2. Nf3 Nc6 3. Bb5 a6 4. Ba4 Nf6 5. 0-0 Be7 6. Re1 b5 7. Bb3 d6 8. c3 0-0 9. h3 Nb8 10. d4 Nbd7 11. Nbd2 Bb7 12. Bc2 Re8 13. Nf1 Bf8 14. Ng3 g6 15. a4 Bg7 16. Bg5 h6 17. Bd2 Kh7 18. b4 Nb6 19. axb5 axb5 20. Rxa8 Qxa8 21. d5 c6 22. dxc6 Bxc6 23. Bd3 Qb7 24. Qe2 Na4 25. Ra1 Nb2 26. Be3 Nxd3 27. Qxd3 d5 28. Ra7 dxe4 29. Qd6 Re6 30. Qd8 exf3 31. Rxb7 Bxb7 32. Qc7 Bd5 33. gxf3 Bxf3 34. Qxf7 Rd6 35. c4 Rd7 36. Qe6 Rd1+ 37. Kh2 bxc4 38. Qxc4 Nd5 39. Bc5 e4 40. Bd6 e3 41. fxe3 Nxe3 42. Qf4 Rd2+ 43. Ne2 Rxe2+ 44. Kg3 Bd5 0-1

[Event "TRI-ch"]
[Site "Port of Spain"]
[Date "2013.09.15"]
[Round "6"]
[White "Wiltshire, Esan"]
[Black "Johnson, Joshua"]
[Result "1-0"]
[WhiteElo "2056"]
[BlackElo "1953"]
[PlyCount "65"]
[EventDate "2013.09.07"]
[EventType "tourn"]
[EventRounds "11"]
[EventCountry "TRI"]
[SourceTitle "CBM 156 Extra"]
[Source "ChessBase"]
[SourceDate "2013.10.22"]
[SourceVersion "1"]
[SourceVersionDate "2013.10.22"]
[SourceQuality "1"]

1. d4 d5 2. c4 c6 3. Nf3 Nf6 4. Nc3 dxc4 5. a4 Bg4 6. Nh4 Be6 7. e4 g6 8. Be2 Bg7 9. 0-0 0-0 10. Be3 Ne8 11. d5 cxd5 12. exd5 Bc8 13. Bxc4 e6 14. Nf3 exd5 15. Nxd5 Nd6 16. Bg5 Qd7 17. Ba2 Ne4 18. Bf4 Nc6 19. Re1 Nf6 20. Nc7 Rb8 21. Bd6 Rd8 22. Nb5 Ra8 23. Ng5 Re8 24. Nxf7 Rxe1+ 25. Qxe1 Qe8 26. Nc7 Qxe1+ 27. Rxe1 Rb8 28. Ne8 Be6 29. Nxf6+ Kxf7 30. Rxe6 Rd8 31. Nxh7 Kg8 32. Ng5 Bf6 33. Re7+ 1-0

[Event "Bridgetwon op"]
[Site "Bridgetwon"]
[Date "2013.04.29"]
[Round "5"]
[White "Khan, Taffin"]
[Black "Wiltshire, Esan"]
[Result "1/2-1/2"]
[WhiteElo "1798"]
[BlackElo "2053"]
[PlyCount "60"]
[EventDate "2013.04.27"]
[EventType "swiss"]
[EventRounds "8"]
[EventCountry "BAR"]
[SourceTitle "CBM 154 Extra"]
[Source "ChessBase"]
[SourceDate "2013.06.25"]
[SourceVersion "2"]
[SourceVersionDate "2013.06.25"]
[SourceQuality "1"]

1. d4 Nf6 2. Bg5 Ne4 3. Bf4 c5 4. f3 Nf6 5. d5 d6 6. e4 g6 7. c4 Bg7 8. Nc3 0-0 9. Bd3 a6 10. Nge2 e6 11. 0-0 exd5 12. exd5 Qc7 13. Qc2 Nbd7 14. Ng3 b5 15. Nce4 Ne8 16. Rae1 h6 17. Nd2 f5 18. h4 Qd8 19. Bxf5 gxf5 20. Nxf5 Qf6 21. g4 Ne5 22. Ne4 Qf7 23. Neg3 Bxf5 24. Nxf5 bxc4 25. Bxe5 dxe5 26. Rxe5 Ra7 27. Rfe1 Kh8 28. Re6 h5 29. Nxg7 Kxg7 30. d6 Qxf3 1/2-1/2

[Event "De Verteuil Memorial 17th"]
[Site "Port of Spain"]
[Date "2009.10.29"]
[Round "3"]
[White "Cabralis, Quinn"]
[Black "Wiltshire, Esan"]
[Result "1-0"]
[WhiteElo "2024"]
[BlackElo "1991"]
[PlyCount "70"]
[EventDate "2009.10.15"]
[EventType "swiss"]
[EventRounds "7"]
[EventCountry "TRI"]
[SourceTitle "EXT 2023"]
[Source "ChessBase"]
[SourceDate "2022.10.05"]
[SourceVersion "1"]
[SourceVersionDate "2022.10.05"]
[SourceQuality "1"]

1. e4 c5 2. Nf3 d6 3. d4 cxd4 4. Nxd4 Nf6 5. Nc3 a6 6. f3 e5 7. Nb3 Be6 8. g4 Be7 9. Be3 d5 10. exd5 Nxd5 11. Nxd5 Bh4+ 12. Bf2 Bxf2+ 13. Kxf2 Bxd5 14. c4 Qh4+ 15. Kg1 Bc6 16. Qe1 Qf6 17. Bg2 0-0 18. Qe2 a5 19. Rd1 Nd7 20. Qe3 Qe7 21. f4 e4 22. Nd4 Rfe8 23. Nf5 Qc5 24. Kf2 Re6 25. Qxc5 Nxc5 26. Ke3 Rae8 27. Nd4 Rd6 28. Nxc6 Rxc6 29. f5 Nd3 30. b3 a4 31. Bf1 axb3 32. axb3 Nc5 33. b4 Na4 34. c5 Ra8 35. Rd7 b6 1-0

[Event "De Verteuil Memorial 17th"]
[Site "Port of Spain"]
[Date "2009.10.22"]
[Round "2"]
[White "Wiltshire, Esan"]
[Black "Harper, Ryan"]
[Result "1/2-1/2"]
[WhiteElo "1991"]
[BlackElo "2236"]
[PlyCount "95"]
[EventDate "2009.10.15"]
[EventType "swiss"]
[EventRounds "7"]
[EventCountry "TRI"]
[SourceTitle "EXT 2023"]
[Source "ChessBase"]
[SourceDate "2022.10.05"]
[SourceVersion "1"]
[SourceVersionDate "2022.10.05"]
[SourceQuality "1"]

1. e4 c5 2. Nf3 d6 3. d4 cxd4 4. Nxd4 Nf6 5. Nc3 g6 6. Be3 Bg7 7. f3 Nc6 8. Qd2 0-0 9. 0-0-0 Nxd4 10. Bxd4 Be6 11. Kb1 Qc7 12. Bb5 Rfc8 13. Ba4 Qa5 14. Bb3 Bc4 15. h4 b5 16. h5 b4 17. Nd5 Nxd5 18. Bxg7 Bxb3 19. cxb3 Nc3+ 20. bxc3 bxc3 21. Bxc3 Qxc3 22. Qxc3 Rxc3 23. hxg6 hxg6 24. Rc1 Rac8 25. Rxc3 Rxc3 26. Kb2 Rc7 27. Rc1 Rb7 28. Kc3 f5 29. Kd4 Kf7 30. Kd5 Rb5+ 31. Kc6 Ra5 32. a4 fxe4 33. fxe4 Ke6 34. Kb7 Ke5 35. Rc4 e6 36. Rb4 d5 37. exd5 exd5 38. Rb5 Rxb5+ 39. axb5 d4 40. Kxa7 d3 41. b6 d2 42. b7 d1Q 43. b8Q+ Kf5 44. Qb5+ Kg4 45. Qb7 g5 46. b4 Kg3 47. b5 Qa1+ 48. Kb8 1/2-1/2

[Event "Central America Carribean-ch U20"]
[Site "Medellin"]
[Date "2009.08.02"]
[Round "5"]
[White "Wiltshire, Esan"]
[Black "Duran Vega, Sergio"]
[Result "1/2-1/2"]
[WhiteElo "1933"]
[BlackElo "2075"]
[PlyCount "81"]
[EventDate "2009.07.30"]
[EventType "swiss"]
[EventRounds "9"]
[EventCountry "COL"]
[SourceTitle "CBM 131 Extra"]
[Source "ChessBase"]
[SourceDate "2009.09.03"]
[SourceVersion "2"]
[SourceVersionDate "2009.09.16"]
[SourceQuality "1"]

1. e4 c5 2. Nf3 d6 3. d4 cxd4 4. Nxd4 Nf6 5. Nc3 g6 6. Be3 Bg7 7. f3 Nc6 8. Bc4 0-0 9. Qd2 Bd7 10. 0-0-0 Rc8 11. Bb3 Ne5 12. h4 h5 13. Bg5 Rc5 14. Kb1 Re8 15. Bh6 Nc4 16. Bxc4 Rxc4 17. Bxg7 Kxg7 18. g4 hxg4 19. h5 Rh8 20. hxg6 fxg6 21. f4 e5 22. Nde2 Rxh1 23. Rxh1 Nxe4 24. Nxe4 Rxe4 25. fxe5 Qe8 26. Qh6+ Kf7 27. Rf1+ Bf5 28. Qh7+ Ke6 29. Nf4+ Rxf4 30. Rxf4 dxe5 31. Rc4 Qd7 32. Qg8+ Kf6 33. b3 b5 34. Rc3 Qd1+ 35. Kb2 Qd4 36. Qf8+ Kg5 37. Qe7+ Kf4 38. Qh4 b4 39. Qh6+ Ke4 40. Qh1+ Kf4 41. Qc1+ 1/2-1/2

[Event "Central America Carribean-ch U20"]
[Site "Medellin"]
[Date "2009.07.31"]
[Round "3"]
[White "Wiltshire, Esan"]
[Black "Otero Martinez, Daniel"]
[Result "1/2-1/2"]
[WhiteElo "1933"]
[BlackElo "2097"]
[PlyCount "104"]
[EventDate "2009.07.30"]
[EventType "swiss"]
[EventRounds "9"]
[EventCountry "COL"]
[SourceTitle "CBM 131 Extra"]
[Source "ChessBase"]
[SourceDate "2009.09.03"]
[SourceVersion "2"]
[SourceVersionDate "2009.09.16"]
[SourceQuality "1"]

1. e4 c5 2. Nf3 Nc6 3. d4 cxd4 4. Nxd4 Nf6 5. Nc3 e5 6. Ndb5 d6 7. Bg5 a6 8. Na3 b5 9. Nd5 Be7 10. Bxf6 Bxf6 11. c3 0-0 12. Nc2 Bg5 13. a4 Rb8 14. axb5 axb5 15. b4 Ne7 16. Nxe7+ Qxe7 17. Ra5 Qc7 18. Qa1 Qc6 19. Bd3 f5 20. Na3 Ba6 21. 0-0 fxe4 22. Bxe4 Qxe4 23. Rxa6 Rf6 24. Qd1 Qg6 25. Qd5+ Qf7 26. Rxd6 Rxd6 27. Qxd6 Rb7 28. Qxe5 Bf6 29. Qf5 g6 30. Qc5 Rc7 31. Qxb5 Rxc3 32. Qb8+ Qf8 33. Qxf8+ Kxf8 34. Nb1 Rb3 35. Nd2 Rxb4 36. g3 Bd4 37. Nf3 Bb6 38. Rd1 Rb2 39. Rd2 Rxd2 40. Nxd2 g5 41. Ne4 h6 42. Kg2 Kf7 43. g4 Ke6 44. Kf3 Ke5 45. Ng3 Kf6 46. Nf5 h5 47. Ng3 hxg4+ 48. Kxg4 Kg6 49. Ne4 Bd8 50. Nc3 Bb6 51. f3 Bc7 52. h3 Be5 1/2-1/2